英汉互译 - Statistics

General Stats
  • This quiz has been taken 216 times
  • The average score is 4 of 15
Answer Stats
英语短语 中文翻译 % Correct
all roads lead to Rome 条条大路通罗马
86%
time is money 时间就是金钱
76%
practice makes perfect 熟能生巧
51%
safe and sound 安然无恙
31%
every minute counts 分秒必争
26%
once bitten and twice shy 一朝被蛇咬,十年怕井绳
24%
time flies 光阴似箭
23%
first come, first served 先来后到
22%
fool's haste is no speed 欲速则不达
18%
far from eye, far form heart 眼不见,心不烦
12%
content is better than riches 知足常乐
9%
the finest diamond must be cut 玉不琢,不成器
7%
he knows most who speaks least 大智若愚
7%
fools grow without watering 朽木不可雕
5%
stand down 摸鱼
2%
No matching quizzes found
Score Distribution
Percent of People with Each Score
Percentile by Number Answered
Your Score History
You have not taken this quiz